| 000 | 00532cam a2200193 4500 | ||
|---|---|---|---|
| 001 | B1214 | ||
| 008 | 090401t1987 xxu||||| |||| 00| 0 eng d | ||
| 035 | _a(Sirsi) u43211 | ||
| 041 | _aeng | ||
| 050 | _a693.5 | ||
| 100 | _aMatthews, J.D. | ||
| 245 | _aPulverized-fuel ash : its use in concrete . Part 2: influences on durability | ||
| 260 |
_aGarston,Watford _bBuilding Research Establishment _c1987 |
||
| 300 | _a(4)p. ; 30cm. | ||
| 350 | _a0 | ||
| 490 |
_aBRE Information Paper _v12/87 |
||
| 942 | _n0 | ||
| 948 | _c04/03/1997 | ||
| 999 |
_c91270 _d91270 |
||